LEADER 00814nam0-22003131i-450- 001 990001745620403321 005 20070622124424.0 035 $a000174562 035 $aFED01000174562 035 $a(Aleph)000174562FED01 035 $a000174562 100 $a20030910d1887----km-y0itay50------ba 101 0 $aita 200 1 $aManuale dell'operaio$fGiuseppe Belluomini 205 $a2. ed. 210 $aMilano$cHoepli$d1887 215 $a188 p.$d16 cm 225 1 $aManuali Hoepli$v00 610 0 $aIndustrie siderurgiche 610 0 $aOperai 676 $a671 700 1$aBelluomini,$bGiuseppe$019182 801 0$aIT$bUNINA$gRICA$2UNIMARC 901 $aBK 912 $a990001745620403321 952 $a60 670 C 1$b1866$fFAGBC 959 $aFAGBC 996 $aManuale dell'operaio$9365906 997 $aUNINA LEADER 01348nam 2200385z- 450 001 9910689415803321 005 20161209101049.0 035 $a(CKB)5860000000030917 035 $a(BIP)007946576 035 $a(EXLCZ)995860000000030917 100 $a20220406c2001uuuu -u- - 101 0 $aeng 200 14$aThe Peter Lee case $ehearings before the subcommittee on Administrative Oversight and the Courts of the Committee on the Judiciary, United States Senate, One Hundred Sixth Congress, second session, March 29, April 5, and April 12, 2000 215 $a1 online resource (v, 386 p.) $cill 311 $a0-16-066347-4 517 $aPeter Lee Case 606 $aEspionage, Chinese$zUnited States 606 $aNational security$zUnited States 606 $aNuclear weapons information$zUnited States 606 $aGovernmental investigations$zUnited States 610 $aUnited States 610 $aEspionage 610 $aNational security 610 $aNuclear weapons 610 $aGovernmental investigations 610 $aPolitical science 610 $aHistory 615 0$aEspionage, Chinese 615 0$aNational security 615 0$aNuclear weapons information 615 0$aGovernmental investigations 906 $aBOOK 912 $a9910689415803321 996 $aThe Peter Lee case$93146642 997 $aUNINA